Library Banner

Clinical chemistry : (Record no. 125424)

MARC details
000 -LEADER
fixed length control field 00740cam a22002415i 4500
001 - CONTROL NUMBER
control field 21485412
005 - DATE AND TIME OF LATEST TRANSACTION
control field 20220114091830.0
008 - FIXED-LENGTH DATA ELEMENTS--GENERAL INFORMATION
fixed length control field 200331s2020 mau 000 0 eng
020 ## - INTERNATIONAL STANDARD BOOK NUMBER
International Standard Book Number 9781284510140
040 ## - CATALOGING SOURCE
Transcribing agency PK-LaUMT
082 ## - DEWEY DECIMAL CLASSIFICATION NUMBER
Classification number 616.0756
Item number BIS-C
100 1# - MAIN ENTRY--PERSONAL NAME
Personal name Bishop, Michael L.
245 10 - TITLE STATEMENT
Title Clinical chemistry :
Remainder of title prinicples, techniques, and correlations /
Statement of responsibility, etc by Michael L. Bishop, Edward P. Fody and Larry E. Schoeff
250 ## - EDITION STATEMENT
Edition statement Enhanced 8th ed.
260 ## - PUBLICATION, DISTRIBUTION, ETC. (IMPRINT)
Place of publication, distribution, etc Burlington :
Name of publisher, distributor, etc Jones & Bartlett Learning,
Date of publication, distribution, etc 2018
300 ## - PHYSICAL DESCRIPTION
Extent 736 p.
650 ## - SUBJECT ADDED ENTRY--TOPICAL TERM
Topical term or geographic name as entry element Clinical chemistry
650 ## - SUBJECT ADDED ENTRY--TOPICAL TERM
Topical term or geographic name as entry element Clinical enzymology
650 ## - SUBJECT ADDED ENTRY--TOPICAL TERM
Topical term or geographic name as entry element Immunochemistry-Medicine
700 1# - ADDED ENTRY--PERSONAL NAME
Personal name Fody, Edward P.,
700 1# - ADDED ENTRY--PERSONAL NAME
Personal name Schoeff, Larry E.,
942 ## - ADDED ENTRY ELEMENTS (KOHA)
Koha item type Books
Holdings
Withdrawn status Lost status Damaged status Home library Current library Date acquired Full call number Barcode Date last seen Price effective from Koha item type Copy number
      UMT Health Sciences Campus UMT Health Sciences Campus 2022-01-14 616.0756 BIS-C 140879 2022-01-14 2022-01-14 Books  
      UMT Health Sciences Campus UMT Health Sciences Campus 2022-01-14 616.0756 BIS-C 140880 2026-01-14 2022-01-14 Books C.2
      UMT Health Sciences Campus UMT Health Sciences Campus 2022-01-14 616.0756 BIS-C 140881 2022-01-14 2022-01-14 Books C.3
      UMT Health Sciences Campus UMT Health Sciences Campus 2022-01-14 616.0756 BIS-C 140882 2022-01-14 2022-01-14 Books C.4
      UMT Health Sciences Campus UMT Health Sciences Campus 2022-01-14 616.0756 BIS-C 140883 2022-01-14 2022-01-14 Books C.5